[Event "Rubinstein Memorial op-D 57th"]
[Site "Polanica Zdroj"]
[Date "2021.08.14"]
[Round "1"]
[White "Klama, Andrzej"]
[Black "Lisiecki, Robert"]
[Result "0-1"]
[WhiteElo "1409"]
[BlackElo "1727"]
[PlyCount "96"]
[EventDate "2021.08.14"]
[EventType "swiss"]
[EventRounds "9"]
[EventCountry "POL"]
[SourceTitle "CBM 204 Extra"]
[Source "ChessBase"]
[SourceDate "2021.11.30"]
[SourceVersion "1"]
[SourceVersionDate "2021.11.30"]
[SourceQuality "1"]

1. e4 c5 2. Nf3 e6 3. d3 Nc6 4. Be2 d6 5. 0-0 Nf6 6. h3 Be7 7. a3 Bd7 8. Be3 Qc7 9. Nbd2 d5 10. c3 0-0 11. Qc2 Rac8 12. Rac1 Rfd8 13. d4 cxd4 14. cxd4 Qb8 15. Qb1 dxe4 16. Nxe4 h6 17. b4 Nd5 18. Bd2 f5 19. Nc5 Bf6 20. Bc3 b6 21. Nxd7 Rxd7 22. Bb5 Rd6 23. Rfe1 a5 24. Ba4 Nce7 25. Ba1 Nf4 26. Bb3 Rxc1 27. Qxc1 Nd3 28. Qe3 Nxe1 29. Bxe6+ Kh8 30. Qxe1 axb4 31. axb4 Qa8 32. Ne5 Bxe5 33. Qxe5 Qxa1+ 34. Kh2 Qxd4 35. Qe2 Ng6 36. Bf7 Qe5+ 37. Qxe5 Nxe5 38. Be8 Nd3 39. b5 Nxf2 40. Kg3 Ne4+ 41. Kf4 Nc3 42. Kxf5 Nxb5 43. Ke5 Re6+ 44. Kxe6 Nc7+ 45. Kd6 Nxe8+ 46. Kc6 Nf6 47. g3 Nd7 48. h4 h5 0-1

[Event "Polanica Zdroj op-D 56th"]
[Site "Polanica Zdroj"]
[Date "2020.08.22"]
[Round "8"]
[White "Lisiecki, Robert"]
[Black "Bukala, Weronika"]
[Result "0-1"]
[WhiteElo "1749"]
[BlackElo "1504"]
[PlyCount "68"]
[EventDate "2020.08.15"]
[EventType "swiss"]
[EventRounds "9"]
[EventCountry "POL"]
[SourceTitle "CBM 198 Extra"]
[Source "ChessBase"]
[SourceDate "2020.11.30"]
[SourceVersion "1"]
[SourceVersionDate "2020.11.30"]
[SourceQuality "1"]

1. e4 c5 2. b3 Nc6 3. Bb2 e6 4. Bb5 Nf6 5. d3 g6 6. Bxc6 bxc6 7. Nd2 Bg7 8. f4 0-0 9. Qe2 d5 10. 0-0-0 Qa5 11. Kb1 Ba6 12. g4 c4 13. dxc4 dxc4 14. Nxc4 Bxc4 15. Qxc4 Nxg4 16. Bxg7 Ne3 17. Bc3 Qh5 18. Qd4 Qxd1+ 19. Qxd1 Nxd1 20. Bd4 Rfd8 21. Ne2 c5 22. Rxd1 cxd4 23. Rxd4 Rxd4 24. Nxd4 Rc8 25. Kb2 Rc5 26. e5 g5 27. fxg5 Rxe5 28. Nc6 Rxg5 29. Nxa7 f5 30. Nc6 f4 31. Nd4 e5 32. Nf3 Rh5 33. a4 e4 34. Nd4 f3 0-1

[Event "Polanica Zdroj op-D 56th"]
[Site "Polanica Zdroj"]
[Date "2020.08.18"]
[Round "4"]
[White "Lisiecki, Robert"]
[Black "Olsztynski, Andrzej"]
[Result "0-1"]
[WhiteElo "1749"]
[BlackElo "1400"]
[PlyCount "92"]
[EventDate "2020.08.15"]
[EventType "swiss"]
[EventRounds "9"]
[EventCountry "POL"]
[SourceTitle "CBM 198 Extra"]
[Source "ChessBase"]
[SourceDate "2020.11.30"]
[SourceVersion "1"]
[SourceVersionDate "2020.11.30"]
[SourceQuality "1"]

1. e4 c5 2. Nf3 Nc6 3. Bb5 a6 4. Bxc6 dxc6 5. e5 Bg4 6. 0-0 Qd5 7. Nc3 Bxf3 8. Nxd5 Bxd1 9. Nc7+ Kd8 10. Nxa8 Bxc2 11. a4 a5 12. Re1 e6 13. Nb6 Bd3 14. Re3 c4 15. b3 Bc5 16. Nxc4 Bxc4 17. bxc4 Bxe3 18. fxe3 Ne7 19. Ba3 Nc8 20. Rb1 Kc7 21. Bd6+ Nxd6 22. exd6+ Kxd6 23. Rxb7 Kc5 24. Rxf7 Kxc4 25. Rxg7 c5 26. Kf2 Kb4 27. Rg4+ c4 28. h4 Rc8 29. Re4 Kxa4 30. Rxe6 Kb3 31. g4 a4 32. Re7 a3 33. Rb7+ Kc2 34. Ra7 Kxd2 35. Rxa3 c3 36. g5 c2 37. Ra1 Rb8 38. Kf3 Rb1 39. Ra2 Kd3 40. Rxc2 Kxc2 41. Kg4 Kd3 42. h5 Ke4 43. h6 Rg1+ 44. Kh5 Kf5 45. e4+ Kxe4 46. g6 Rxg6 0-1

[Event "Poznan op 25th"]
[Site "Poznan"]
[Date "2017.08.23"]
[Round "5"]
[White "Lisiecki, Robert"]
[Black "Wojdak, Jan"]
[Result "1-0"]
[WhiteElo "1772"]
[BlackElo "1624"]
[PlyCount "103"]
[EventDate "2017.08.20"]
[EventType "swiss"]
[EventRounds "9"]
[EventCountry "POL"]
[SourceTitle "CBM 180 Extra"]
[Source "ChessBase"]
[SourceDate "2017.10.06"]
[SourceVersion "1"]
[SourceVersionDate "2017.10.06"]
[SourceQuality "1"]

1. e4 c5 2. Nf3 Nc6 3. Bb5 d6 4. 0-0 Bd7 5. c3 a6 6. Ba4 g6 7. Re1 Bg7 8. Bb3 Nf6 9. d3 Bg4 10. Nbd2 Ne5 11. d4 cxd4 12. cxd4 Nxf3+ 13. Nxf3 0-0 14. h3 Bxf3 15. Qxf3 Nd7 16. Be3 e5 17. Rad1 Qe7 18. Qg4 Kh8 19. dxe5 Nxe5 20. Qe2 f5 21. exf5 gxf5 22. Qd2 Qh4 23. Bg5 Qh5 24. Be7 Qg6 25. Kh1 Rfe8 26. Qxd6 Qxd6 27. Bxd6 Nc6 28. Bc2 Nd4 29. Bb1 Rad8 30. Bc5 Nc6 31. Rxd8 Rxd8 32. b3 Bc3 33. Rf1 f4 34. Bb6 Rd2 35. Bc7 Ne5 36. Be4 b5 37. a4 b4 38. Bb7 Nd3 39. Bxa6 Nxf2+ 40. Kh2 f3 41. Kg3 fxg2 42. Kxg2 Nd3+ 43. Kg3 Nc5 44. Bc4 Kg7 45. a5 Rd7 46. Bb6 Ne4+ 47. Kf4 Nd2 48. Ra1 Kf6 49. Bg1 Be5+ 50. Ke3 Nxc4+ 51. bxc4 Rd4 52. a6 1-0

[Event "Srem-ch LKS Piast"]
[Site "Srem"]
[Date "2017.02.17"]
[Round "3.2"]
[White "Lisiecki, Robert"]
[Black "Wlodarczak, Damian"]
[Result "1/2-1/2"]
[WhiteElo "1785"]
[BlackElo "1701"]
[PlyCount "94"]
[EventDate "2017.02.17"]
[EventType "tourn"]
[EventRounds "9"]
[EventCountry "POL"]
[SourceTitle "EXT 2023"]
[Source "ChessBase"]
[SourceDate "2022.10.05"]
[SourceVersion "1"]
[SourceVersionDate "2022.10.05"]
[SourceQuality "1"]

1. e4 e5 2. d4 exd4 3. Nf3 Qe7 4. Qxd4 Nc6 5. Qe3 g6 6. Nc3 Nb4 7. Bd3 Bg7 8. Bd2 d6 9. Rc1 Nf6 10. 0-0 0-0 11. a3 Nxd3 12. cxd3 c6 13. Rfe1 Be6 14. d4 Ng4 15. Qe2 Bd7 16. h3 Nh6 17. Bg5 f6 18. Bf4 Rae8 19. b4 d5 20. Qd2 g5 21. exd5 Qf7 22. Bd6 Rxe1+ 23. Rxe1 Re8 24. Rxe8+ Qxe8 25. dxc6 Bxc6 26. d5 Bd7 27. Nd4 Nf5 28. Nxf5 Bxf5 29. Qd4 Bg6 30. Qc4 f5 31. Nb5 Qe1+ 32. Kh2 Be5+ 33. g3 f4 34. Bxe5 Qxe5 35. Qc3 fxg3+ 36. Qxg3 Qxd5 37. Nxa7 h6 38. Nc8 Qe6 39. Nd6 b6 40. b5 h5 41. Nb7 Qd5 42. Qd6 Qf5 43. Qd8+ Kh7 44. Qc7+ Kh8 45. Qd8+ Kh7 46. Qc7+ Kh8 47. Qd8+ Kh7 1/2-1/2

[Event "Poznan op 24th"]
[Site "Poznan"]
[Date "2016.08.14"]
[Round "8"]
[White "Lisiecki, Robert"]
[Black "Zdanowicz, Piotr"]
[Result "0-1"]
[WhiteElo "1774"]
[BlackElo "2055"]
[PlyCount "150"]
[EventDate "2016.08.08"]
[EventType "swiss"]
[EventRounds "9"]
[EventCountry "POL"]
[SourceTitle "EXT 2017"]
[Source "ChessBase"]
[SourceDate "2016.10.25"]
[SourceVersion "1"]
[SourceVersionDate "2016.10.25"]
[SourceQuality "1"]

1. e4 e5 2. Nf3 Nf6 3. Nc3 Bb4 4. Nxe5 Qe7 5. Nd3 Bxc3 6. dxc3 Qxe4+ 7. Be2 d6 8. 0-0 0-0 9. Re1 Nc6 10. Bf4 Qf5 11. Bf3 Bd7 12. Qd2 Rfe8 13. Rxe8+ Rxe8 14. Re1 Re6 15. h3 h6 16. Be3 b6 17. b3 Ne5 18. Nxe5 Qxe5 19. Rd1 Ne4 20. Bxe4 Qxe4 21. Qd3 Qb7 22. Kh2 Rg6 23. Rg1 Qc8 24. f4 Bf5 25. Qd1 Re6 26. Bd2 Be4 27. Re1 Qa8 28. c4 Qc6 29. Bc3 Qe8 30. Qd4 f6 31. Qf2 Bc6 32. a3 Re4 33. Rxe4 Qxe4 34. Bd4 Qf5 35. Qd2 Kf7 36. b4 Be4 37. c3 c5 38. Bf2 Bd3 39. Qe3 Bxc4 40. g4 Qd5 41. h4 Ba6 42. f5 Bb7 43. Kg3 Qg2+ 44. Kf4 Qd5 45. g5 Qe5+ 46. Qxe5 fxe5+ 47. Kg4 Bc8 48. gxh6 g6 49. Kg5 gxf5 50. h5 f4 51. Bh4 a5 52. Bf2 Ba6 53. bxa5 bxa5 54. Kf5 Bd3+ 55. Kg5 Ke6 56. Bg1 a4 57. Bf2 Kd5 58. Be1 Kc4 59. Kf6 Kb3 60. Kg7 Kxa3 61. h7 Bxh7 62. Kxh7 Kb3 63. h6 a3 64. Kg7 a2 65. h7 a1Q 66. Bh4 Qa7+ 67. Kg8 Qb8+ 68. Kg7 Kxc3 69. h8Q Qxh8+ 70. Kxh8 Kd4 71. Kg7 c4 72. Be1 c3 73. Kf6 c2 74. Bd2 f3 75. Ke6 f2 0-1

[Event "Poznan op 23rd"]
[Site "Poznan"]
[Date "2015.08.15"]
[Round "7"]
[White "Bajerlein, Dawid"]
[Black "Lisiecki, Robert"]
[Result "1/2-1/2"]
[WhiteElo "2052"]
[BlackElo "1785"]
[PlyCount "71"]
[EventDate "2015.08.10"]
[EventType "swiss"]
[EventRounds "9"]
[EventCountry "POL"]
[SourceTitle "CBM 167 Extra"]
[Source "ChessBase"]
[SourceDate "2015.09.14"]
[SourceVersion "1"]
[SourceVersionDate "2015.09.14"]
[SourceQuality "1"]

1. d4 Nf6 2. c4 c5 3. d5 d6 4. Nc3 g6 5. e4 Nbd7 6. Nf3 Bg7 7. Be2 0-0 8. 0-0 Ne8 9. Be3 e5 10. Ne1 f5 11. f3 f4 12. Bf2 g5 13. Nd3 h5 14. h3 Ndf6 15. b4 b6 16. bxc5 bxc5 17. Rb1 Qd7 18. Rb3 g4 19. fxg4 hxg4 20. Bxg4 Nxg4 21. hxg4 Qxg4 22. Qxg4 Bxg4 23. Rfb1 f3 24. g3 Nf6 25. Be3 Kf7 26. Bg5 Rh8 27. Nf2 Bh3 28. Bxf6 Bxf6 29. Rb7+ Be7 30. Nxh3 Rxh3 31. Kf2 Rg8 32. Rg1 Rh2+ 33. Kxf3 Ke8 34. Rxa7 Rf8+ 35. Kg4 Rg8+ 36. Kf3 1/2-1/2

[Event "Srem-ch LKS Piast"]
[Site "Srem"]
[Date "2014.02.??"]
[Round "1.1"]
[White "Lisiecki, Robert"]
[Black "Gorski, Boguslaw"]
[Result "1-0"]
[WhiteElo "1506"]
[BlackElo "1828"]
[PlyCount "49"]
[EventDate "2014.02.22"]
[EventType "tourn"]
[EventRounds "9"]
[EventCountry "POL"]
[SourceTitle "EXT 2023"]
[Source "ChessBase"]
[SourceDate "2022.10.05"]
[SourceVersion "1"]
[SourceVersionDate "2022.10.05"]
[SourceQuality "1"]

1. e4 c6 2. d4 d5 3. f3 e6 4. Nc3 Bb4 5. Nge2 dxe4 6. fxe4 Qh4+ 7. Ng3 Nf6 8. Qf3 0-0 9. a3 Ba5 10. Bd3 Rd8 11. Be3 Bb6 12. 0-0 e5 13. dxe5 Bxe3+ 14. Kh1 Bd4 15. exf6 Bxf6 16. e5 Be7 17. Qxf7+ Kh8 18. e6 Bxe6 19. Qxe6 Bf6 20. Nce4 Nd7 21. Nxf6 Nxf6 22. Nf5 Qg5 23. Nd6 Rxd6 24. Qxd6 Qh5 25. Rxf6 1-0